00137 a2200073 45000010005000001000017000052450026000222600015000486087 aWillows, R S aText book of physics. abEdwardc